German Cities - Sudden Death - Statistics

General Stats
  • This quiz has been taken 336 times
  • The average score is 15 of 20
Answers on the Grid
Answers color-coded by a green-red scale on the quiz's grid according to % correct below.
Aachen
Amsterdam
Basel
Berlin
Bremen
Cologne
Cottbus
Dresden
Essen
Frankfurt
Freiburg
Fulda
Gdansk
Hamburg
Harrisburg
Herne
Jena
Kassel
Luxembourg
Munich
Nuremberg
Salzburg
Stockholm
St. Petersburg
Stuttgart
Ulm
Vienna
Worms
Xanten
Zurich
 
Answer Stats
Answer % Correct
Cologne
92%
Berlin
90%
Frankfurt
90%
Nuremberg
87%
Aachen
82%
Freiburg
82%
Hamburg
82%
Munich
82%
Dresden
80%
Stuttgart
80%
Essen
75%
Bremen
73%
Kassel
72%
Ulm
72%
Cottbus
67%
Worms
65%
Fulda
60%
Herne
60%
Jena
60%
Xanten
43%
No matching quizzes found
Score Distribution
Percent of People with Each Score
Percentile by Number Answered
Your Score History
You have not taken this quiz